Otak dan sistem saraf
| Main Author: | |
|---|---|
| Format: | Book |
| Published: |
Kuala Lumpur :
Federal Publications Sdn.Bhd. ,
1996
|
| Subjects: |
MARC
| LEADER | 00000cam a2200000 7i4500 | ||
|---|---|---|---|
| 001 | 0000009672 | ||
| 002 | 000010536 | ||
| 005 | 20011210.0 | ||
| 020 | |a 9835800022 | ||
| 090 | 0 | 0 | |a 612 |b PAR |
| 100 | 1 | |a Parker, Steve | |
| 245 | 1 | 0 | |a Otak dan sistem saraf |c Steve Parker |
| 260 | |a Kuala Lumpur : |b Federal Publications Sdn.Bhd. , |c 1996 | ||
| 300 | |a 48p. : |b ill. ; |c 26cm. | ||
| 650 | 0 | 0 | |a Brain |x Juvenile literature |
| 999 | |a 046840 |b BUKU |c JUNIOR BOOKS |e PERPUSTAKAAN KOMUNITI CAW KOTA DAMANSARA | ||
| 999 | |a 077414 |b BUKU |c PINJAMAN |e PERPUSTAKAAN KOMUNITI PETALING JAYA | ||